L'image : Peinture, photographie, cinéma : des origines au numérique (notice n° 1566266)

détails MARC
000 -LEADER
fixed length control field 01653cam a2200133 4500500
005 - DATE AND TIME OF LATEST TRANSACTION
control field 20251214001518.0
041 ## - LANGUAGE CODE
Language code of text/sound track or separate title fre
042 ## - AUTHENTICATION CODE
Authentication code dc
100 10 - MAIN ENTRY--PERSONAL NAME
Personal name Aumont, Jacques
Relator term author
245 00 - TITLE STATEMENT
Title L'image : Peinture, photographie, cinéma : des origines au numérique
260 ## - PUBLICATION, DISTRIBUTION, ETC.
Name of publisher, distributor, etc. Armand Colin,<br/>
Date of publication, distribution, etc. 2020.<br/>
520 ## - SUMMARY, ETC.
Summary, etc. Actualisé à l’occasion de cette nouvelle édition, ce livre est une synthèse originale et passionnante des savoirs contemporains sur l’image, moyen d’expression et de communication, et plus profondément, manifestation de la pensée. Les grands problèmes que pose l’image sont développés autour de six approches successives  : l’image est un phénomène perceptif (physiologie de la perception), mais aussi l’objet d’un regard de la part d’un sujet spectateur (psychologie)  ; elle établit un rapport avec ce spectateur par l’intermédiaire d’un médium et d’un dispositif spécifique (sociologie, médiologie)  ; elle peut être utilisée à plusieurs fins et a des valeurs variables (anthropologie)  ; son importance sociale a connu de grands moments de mutation (histoire)  ; enfin, elle a des pouvoirs propres, qui la distinguent du langage et des autres manifestations symboliques humaines (esthétique). Toutes les images – faites à la main ou produites automatiquement, immobiles ou mouvantes – sont prises en considération dans cette enquête où l’auteur s’est efforcé de n’oublier aucune théorie, aucune approche, et qui prend en compte les développements les plus récents.
856 41 - ELECTRONIC LOCATION AND ACCESS
Uniform Resource Identifier <a href="https://shs.cairn.info/l-image--9782200628215?lang=fr&redirect-ssocas=7080">https://shs.cairn.info/l-image--9782200628215?lang=fr&redirect-ssocas=7080</a>

Pas d'exemplaire disponible.

PLUDOC

PLUDOC est la plateforme unique et centralisée de gestion des bibliothèques physiques et numériques de Guinée administré par le CEDUST. Elle est la plus grande base de données de ressources documentaires pour les Étudiants, Enseignants chercheurs et Chercheurs de Guinée.

Adresse

627 919 101/664 919 101

25 boulevard du commerce
Kaloum, Conakry, Guinée

Réseaux sociaux

Powered by Netsen Group @ 2025